[Event "Schachfestival 2016 - Open"]
[Site "Bad Woerishofen"]
[Date "2016.02.28"]
[Round "4.18"]
[White "Juhnke, Juergen"]
[Black "Astengo, Corrado"]
[Result "1-0"]
[WhiteElo "2214"]
[BlackElo "2108"]
[Annotator "chessorg"]
[PlyCount "59"]
[EventDate "2016.??.??"]
[WhiteTeam "SK Lister Turm"]
[BlackTeam "Mendrisio"]

1. e4 c5 2. Nf3 e6 3. d4 cxd4 4. Nxd4 a6 5. c4 Nf6 6. Nc3 Qc7 7. a3 b6 8. Be3
Bb7 9. f3 d6 10. Be2 Nbd7 11. Rc1 Rc8 12. b4 Be7 13. O-O O-O 14. Nb3 Qb8 15.
Kh1 Bd8 16. Bg1 Re8 17. Na4 Bc7 18. Nd4 Ne5 19. c5 dxc5 20. bxc5 b5 21. c6 bxa4
22. cxb7 Qxb7 23. Rb1 Qa8 24. Qxa4 Red8 25. Qxa6 Qxa6 26. Bxa6 Ra8 27. Bb7 Rxa3
28. Nb5 Bd6 29. Bb6 Rb8 30. Nxd6 1-0

[Event "Schachfestival 2016 - Open"]
[Site "Bad Woerishofen"]
[Date "2016.02.28"]
[Round "4.23"]
[White "Budzyn, Matthias"]
[Black "Schleich, Theo"]
[Result "1-0"]
[WhiteElo "2168"]
[BlackElo "2028"]
[Annotator "chessorg"]
[PlyCount "37"]
[EventDate "2016.??.??"]
[WhiteTeam "SG Turm Kiel von 1910"]
[BlackTeam "SK Siemens Muenchen"]

1. e4 c5 2. c3 Nf6 3. e5 Nd5 4. Nf3 e6 5. d4 cxd4 6. cxd4 Nc6 7. a3 d6 8. Bd3
Be7 9. O-O O-O 10. Re1 Bd7 11. Qe2 Qe8 12. Qe4 g6 13. Bh6 Rc8 14. Nbd2 Nb6 15.
Qf4 Nd5 16. Qg3 dxe5 17. dxe5 Na5 18. Ng5 Nb3 19. Nxb3 1-0

[Event "Schachfestival 2016 - Open"]
[Site "Bad Woerishofen"]
[Date "2016.02.28"]
[Round "4.32"]
[White "Roemhild, Marcus"]
[Black "Mack, Thomas"]
[Result "1-0"]
[WhiteElo "2115"]
[BlackElo "1986"]
[Annotator "chessorg"]
[PlyCount "59"]
[EventDate "2016.??.??"]
[WhiteTeam "LSV Turm Lippstadt"]
[BlackTeam "Tarrasch Muenchen"]

1. c4 e5 2. g3 f5 3. Nc3 Nf6 4. Bg2 d6 5. d3 Be7 6. e3 O-O 7. Nge2 c6 8. d4 Qe8
9. b4 Qh5 10. b5 Ne4 11. Nxe4 fxe4 12. Bxe4 Bg4 13. h3 Bf3 14. Bxf3 Qxf3 15.
O-O Nd7 16. Bb2 Qh5 17. Kg2 Nb6 18. Rc1 Rf6 19. dxe5 dxe5 20. Ng1 Qf5 21. Qc2
Qe6 22. a4 cxb5 23. cxb5 Rc8 24. Qe4 Rxc1 25. Rxc1 Qf5 26. Qxf5 Rxf5 27. e4 Rf7
28. a5 Nd7 29. Rc7 Bc5 30. Nf3 1-0

[Event "Schachfestival 2016 - Open"]
[Site "Bad Woerishofen"]
[Date "2016.02.28"]
[Round "4.33"]
[White "Matzat, Andre"]
[Black "Rosin, Julius"]
[Result "0-1"]
[WhiteElo "2098"]
[BlackElo "1953"]
[Annotator "chessorg"]
[PlyCount "66"]
[EventDate "2016.??.??"]
[WhiteTeam "SC Wei?e Dame Borbeck 25 e.V."]
[BlackTeam "KSV Rochade Goettingen"]

1. d4 Nf6 2. Bg5 d5 3. e3 e6 4. Nd2 Be7 5. Bd3 O-O 6. f4 b6 7. Ngf3 c5 8. c3
Ba6 9. Bxa6 Nxa6 10. Ne5 Nb8 11. O-O Qc7 12. Qe2 Nbd7 13. a4 a6 14. a5 b5 15.
Nxd7 Qxd7 16. Bxf6 gxf6 17. Kh1 Kh8 18. Nb3 c4 19. Nd2 f5 20. Qh5 f6 21. h3 Rg8
22. g4 fxg4 23. hxg4 Rg6 24. Nf3 Rag8 25. Nh2 Bf8 26. Qh3 h5 27. f5 Rh6 28.
gxh5 Rg5 29. fxe6 Qh7 30. e7 Qxe7 31. Rf2 Rgxh5 32. Qg3 Qe4+ 33. Kg1 Rg5 0-1

[Event "Schachfestival 2016 - Open"]
[Site "Bad Woerishofen"]
[Date "2016.02.28"]
[Round "4.36"]
[White "Valet, Richard"]
[Black "Neumann, Joachim"]
[Result "1/2-1/2"]
[WhiteElo "1968"]
[BlackElo "2065"]
[Annotator "chessorg"]
[PlyCount "29"]
[EventDate "2016.??.??"]
[WhiteTeam "Greifswalder SV"]

1. e4 c5 2. Nc3 e6 3. g3 d5 4. exd5 exd5 5. Bg2 Nf6 6. d3 d4 7. Ne4 Nxe4 8.
dxe4 Nc6 9. Ne2 Bd6 10. Nf4 O-O 11. O-O Bxf4 12. Bxf4 Be6 13. Qh5 f5 14. Rfe1
g6 15. Qh6 1/2-1/2

[Event "Schachfestival 2016 - Open"]
[Site "Bad Woerishofen"]
[Date "2016.02.28"]
[Round "4.37"]
[White "Muehlbach, Peter"]
[Black "Wiendieck, Joerg"]
[Result "1/2-1/2"]
[WhiteElo "2064"]
[BlackElo "1954"]
[Annotator "chessorg"]
[PlyCount "21"]
[EventDate "2016.??.??"]
[BlackTeam "SK Krumbach"]

1. Nf3 d5 2. d4 g6 3. g3 Bg7 4. Bg2 Nf6 5. c4 c6 6. cxd5 cxd5 7. Nc3 O-O 8. O-O
Nc6 9. Ne5 Nxe5 10. dxe5 Nd7 11. Nxd5 1/2-1/2

[Event "Schachfestival 2016 - Open"]
[Site "Bad Woerishofen"]
[Date "2016.02.28"]
[Round "4.39"]
[White "Mattes, Heinz"]
[Black "Hornung, Hans"]
[Result "0-1"]
[WhiteElo "1959"]
[BlackElo "2051"]
[Annotator "chessorg"]
[PlyCount "40"]
[EventDate "2016.??.??"]
[WhiteTeam "SK Siemens Muenchen"]
[BlackTeam "SK Klosterlechfeld"]

1. d4 Nf6 2. e3 g6 3. Nf3 Bg7 4. Bd3 O-O 5. c4 d6 6. Nc3 Nbd7 7. O-O e5 8. Qc2
Re8 9. b4 Qe7 10. Ne1 e4 11. Be2 Nf8 12. f3 exf3 13. Bxf3 Bf5 14. Qb3 c6 15. a4
Ng4 16. Nd1 Ne6 17. Nc2 Bxc2 18. Qxc2 Nxd4 19. exd4 Bxd4+ 20. Kh1 Nxh2 0-1

[Event "Schachfestival 2016 - Open"]
[Site "Bad Woerishofen"]
[Date "2016.02.28"]
[Round "4.50"]
[White "Lindenmair, Anton"]
[Black "Burchert, Wolfgang"]
[Result "1/2-1/2"]
[WhiteElo "2002"]
[BlackElo "2115"]
[Annotator "chessorg"]
[PlyCount "46"]
[EventDate "2016.??.??"]
[WhiteTeam "SK Keres-Augsburg 1980"]
[BlackTeam "SC Hansa Dortmund e.V."]

1. d4 Nf6 2. c4 e6 3. Nf3 Bb4+ 4. Bd2 c5 5. g3 b6 6. Bg2 Bb7 7. O-O O-O 8. Bxb4
cxb4 9. Nbd2 Qc8 10. Rc1 d6 11. Qc2 Nbd7 12. Nh4 Bxg2 13. Nxg2 Qb7 14. Qd3 a5
15. Qf3 Qxf3 16. Nxf3 Rfd8 17. Ne3 Rac8 18. Rfd1 g6 19. b3 Ne4 20. Kf1 Rb8 21.
Rc2 Ndf6 22. Nd2 Nc3 23. Rdc1 Nfe4 1/2-1/2

[Event "Schachfestival 2016 - Open"]
[Site "Bad Woerishofen"]
[Date "2016.02.28"]
[Round "4.60"]
[White "Schneider, Alexander"]
[Black "Ries, Berthold"]
[Result "1-0"]
[WhiteElo "2017"]
[BlackElo "1886"]
[Annotator "chessorg"]
[PlyCount "37"]
[EventDate "2016.??.??"]

1. e4 c5 2. Nf3 d6 3. d4 cxd4 4. Nxd4 Nf6 5. Nc3 a6 6. Be3 e5 7. Nb3 Be7 8. f3
Be6 9. Qd2 Nbd7 10. g4 Nb6 11. Qf2 Nc4 12. Bxc4 Bxc4 13. O-O-O Bxb3 14. axb3
O-O 15. h4 Qa5 16. Kb1 Nd7 17. Nd5 Bd8 18. c4 Re8 19. Kc2 1-0

[Event "Schachfestival 2016 - Open"]
[Site "Bad Woerishofen"]
[Date "2016.02.28"]
[Round "4.66"]
[White "Klett, Thomas"]
[Black "Ramin, Michael"]
[Result "1/2-1/2"]
[WhiteElo "1869"]
[BlackElo "1966"]
[Annotator "chessorg"]
[PlyCount "30"]
[EventDate "2016.??.??"]
[WhiteTeam "SV Urach"]
[BlackTeam "SV DT Esslingen"]

1. c4 e5 2. g3 Nc6 3. Bg2 Nf6 4. Nc3 Bc5 5. Nf3 a6 6. O-O O-O 7. a3 d6 8. d3 h6
9. b4 Ba7 10. e3 Bg4 11. h3 Be6 12. Bb2 Qc8 13. b5 axb5 14. cxb5 Ne7 15. Kh2
Ng6 1/2-1/2

[Event "Schachfestival 2016 - Open"]
[Site "Bad Woerishofen"]
[Date "2016.02.28"]
[Round "4.69"]
[White "Antoniacci, Riccardo"]
[Black "Wltschek, Christian"]
[Result "1-0"]
[WhiteElo "1820"]
[BlackElo "1958"]
[Annotator "chessorg"]
[PlyCount "37"]
[EventDate "2016.??.??"]
[WhiteTeam "DLF Rimini"]
[BlackTeam "SG Post/Sued Regensburg"]

1. e4 c5 2. Nf3 e6 3. d3 Nc6 4. g3 g6 5. Bg2 Bg7 6. O-O Nge7 7. Re1 d6 8. Nc3
Rb8 9. d4 b6 10. Bg5 O-O 11. Qd2 f6 12. Bh6 Nxd4 13. Bxg7 Kxg7 14. Nxd4 cxd4
15. Nb5 Nc6 16. e5 Nxe5 17. f4 Ng4 18. Nxd4 e5 19. Nc6 1-0

[Event "Schachfestival 2016 - Open"]
[Site "Bad Woerishofen"]
[Date "2016.02.28"]
[Round "4.73"]
[White "Eschle, Hubert"]
[Black "Essler, Richard"]
[Result "1-0"]
[WhiteElo "1905"]
[BlackElo "1930"]
[Annotator "chessorg"]
[PlyCount "34"]
[EventDate "2016.??.??"]
[WhiteTeam "SR Spaichingen"]
[BlackTeam "SK Mering"]

1. e4 c5 2. Nf3 d6 3. d4 cxd4 4. Nxd4 Nf6 5. Nc3 a6 6. Be2 e5 7. Nb3 Be7 8. Be3
O-O 9. g4 Be6 10. g5 Nfd7 11. h4 f5 12. exf5 Bf7 13. g6 hxg6 14. fxg6 Be6 15.
Nd5 Bxh4 16. Bg4 Bxg4 17. Qxg4 Bf6 1-0

[Event "Schachfestival 2016 - Open"]
[Site "Bad Woerishofen"]
[Date "2016.02.28"]
[Round "4.75"]
[White "Herold, Gunther"]
[Black "Koch, Till"]
[Result "0-1"]
[WhiteElo "1926"]
[BlackElo "1871"]
[Annotator "chessorg"]
[PlyCount "30"]
[EventDate "2016.??.??"]
[WhiteTeam "SK Oberguenzburg"]
[BlackTeam "SV Unser Fritz Wanne-Eickel"]

1. e4 e5 2. Nf3 Nc6 3. Bc4 Bc5 4. c3 Nf6 5. d3 d5 6. exd5 Nxd5 7. b4 Be7 8. b5
Na5 9. Nxe5 O-O 10. Qf3 Nxc4 11. Nxc4 Bf6 12. Bd2 Re8+ 13. Ne3 Nxe3 14. Bxe3
Qxd3 15. Qe2 Bxc3+ 0-1

[Event "Festival Bad Wörishofen"]
[Site "chess24.com"]
[Date "2016.03.01"]
[Round "5.1"]
[White "Bogner, Sebastian"]
[Black "Kveinys, Aloyzas"]
[Result "0-1"]
[WhiteElo "2539"]
[BlackElo "2524"]
[PlyCount "58"]
[EventDate "2016.??.??"]
[WhiteTeam "Schweiz"]
[BlackTeam "Litauen"]
[WhiteTeamCountry "SUI"]
[BlackTeamCountry "LTU"]

1. d4 Nf6 2. c4 e6 3. g3 d5 4. Nf3 Bb4+ 5. Bd2 Be7 6. Bg2 O-O 7. O-O Nbd7 8.
Qc2 Ne4 9. Bf4 c6 10. Nfd2 g5 11. Be3 Nd6 12. f3 Nf5 13. Bf2 Bf6 14. e3 c5 15.
g4 Nh4 16. cxd5 cxd4 17. dxe6 Ne5 18. exd4 Neg6 19. exf7+ Rxf7 20. Nb3 Nxg2 21.
Kxg2 Nf4+ 22. Kg1 Bxg4 23. Be3 Bh3 24. Nc3 Bxf1 25. Rxf1 Nd5 26. Bd2 Bg7 27.
Qe4 Nf4 28. Kh1 Qd7 29. Re1 Raf8 0-1

[Event "Festival Bad Wörishofen"]
[Site "chess24.com"]
[Date "2016.03.01"]
[Round "5.2"]
[White "Werle, Jan"]
[Black "Karpatchev, Aleksandr"]
[Result "1-0"]
[WhiteElo "2545"]
[BlackElo "2475"]
[PlyCount "67"]
[EventDate "2016.??.??"]
[WhiteTeam "Niederlande"]
[BlackTeam "Russland"]
[WhiteTeamCountry "NED"]
[BlackTeamCountry "RUS"]

1. d4 d5 2. c4 dxc4 3. e3 Nf6 4. Bxc4 a6 5. Nf3 b5 6. Bb3 e6 7. O-O Bb7 8. a4
b4 9. Nbd2 c5 10. e4 Be7 11. e5 Nfd7 12. Nc4 O-O 13. Nd6 Bxd6 14. exd6 cxd4 15.
Nxd4 Nc5 16. Bd2 Nxb3 17. Qxb3 Bd5 18. Qxb4 Nd7 19. Ne2 Ne5 20. Nc3 Rb8 21. Qc5
Rc8 22. Qd4 Nc6 23. Qf4 e5 24. Qg3 Bc4 25. Bh6 Qf6 26. d7 Rb8 27. Bg5 Qg6 28.
Rfd1 f6 29. Be3 Qxg3 30. hxg3 Rxb2 31. Ne4 Nd8 32. Bc5 Rb8 33. Bxf8 Kxf8 34.
Rac1 1-0

[Event "Festival Bad Wörishofen"]
[Site "chess24.com"]
[Date "2016.03.01"]
[Round "5.3"]
[White "Milov, Leonid"]
[Black "Buchal, Stephan"]
[Result "1-0"]
[WhiteElo "2439"]
[BlackElo "2315"]
[PlyCount "75"]
[EventDate "2016.??.??"]
[WhiteTeam "Deutschland"]
[BlackTeam "Deutschland"]
[WhiteTeamCountry "GER"]
[BlackTeamCountry "GER"]

1. e4 g6 2. d4 Bg7 3. Nc3 d6 4. f4 a6 5. Nf3 b5 6. Bd3 Nd7 7. e5 c5 8. Ng5 cxd4
9. e6 f5 10. Nd5 Nc5 11. Nf7 Bxe6 12. Nxd8 Bxd5 13. b4 Nxd3+ 14. cxd3 Rxd8 15.
O-O Nh6 16. a4 O-O 17. axb5 axb5 18. h3 Rd7 19. Ra5 Rb8 20. Qc2 Nf7 21. Bd2 Bf6
22. Rfa1 Rbb7 23. Ra8+ Nd8 24. Rc8 Kf7 25. Raa8 Ne6 26. Rab8 h5 27. Rxb7 Rxb7
28. Qc1 Ra7 29. g3 Ra6 30. Kf2 Bb7 31. Rb8 Bc6 32. Qc2 Bd7 33. Qb3 Ra7 34. Qd5
Rc7 35. Qa2 Rc8 36. Rb7 Bc6 37. Ra7 Bg7 38. Qa6 1-0

[Event "Festival Bad Wörishofen"]
[Site "chess24.com"]
[Date "2016.03.01"]
[Round "5.5"]
[White "Naumkin, Igor"]
[Black "Rahls, Peter"]
[Result "1-0"]
[WhiteElo "2413"]
[BlackElo "2150"]
[PlyCount "71"]
[EventDate "2016.??.??"]
[WhiteTeam "Russland"]
[BlackTeam "Deutschland"]
[WhiteTeamCountry "RUS"]
[BlackTeamCountry "GER"]

1. d4 d5 2. c4 c6 3. Nf3 Nf6 4. Nc3 a6 5. Ne5 dxc4 6. Nxc4 b5 7. Ne5 Bb7 8. Bg5
Nbd7 9. Nd3 b4 10. Nxb4 Qa5 11. Bxf6 Qxb4 12. Bg5 h6 13. a3 Qxb2 14. Bd2 Qb6
15. Rb1 Qc7 16. e3 e6 17. Be2 Bd6 18. Ne4 Be7 19. O-O O-O 20. Bf3 a5 21. Qa4
Kh8 22. Rfc1 f5 23. Ng3 Rfc8 24. Qb3 Rcb8 25. Qxe6 Bxa3 26. Rd1 c5 27. Bxb7
Rxb7 28. Nxf5 Nf8 29. Qe4 Rxb1 30. Rxb1 Ra7 31. dxc5 Qxc5 32. h3 Rf7 33. Nd4
Re7 34. Qd3 Nd7 35. Rb5 Qc8 36. Qxa3 1-0

[Event "Festival Bad Wörishofen"]
[Site "chess24.com"]
[Date "2016.03.01"]
[Round "5.6"]
[White "Chatalbashev, Boris"]
[Black "Juhnke, Juergen"]
[Result "1-0"]
[WhiteElo "2563"]
[BlackElo "2214"]
[PlyCount "45"]
[EventDate "2016.??.??"]
[WhiteTeam "Bulgarien"]
[BlackTeam "Deutschland"]
[WhiteTeamCountry "BUL"]
[BlackTeamCountry "GER"]

1. d4 Nf6 2. c4 g6 3. Nc3 Bg7 4. e4 d6 5. Be2 O-O 6. Bg5 c5 7. d5 h6 8. Bf4 e6
9. dxe6 Bxe6 10. Bxd6 Re8 11. e5 Nfd7 12. f4 Nc6 13. Nf3 Qb6 14. O-O Qxb2 15.
Nb5 f6 16. Rf2 Qb4 17. Rb1 Qa5 18. Nc7 fxe5 19. fxe5 Ndxe5 20. Nxe5 Nxe5 21.
Nxa8 Rxa8 22. Rxb7 Nf7 23. Re7 1-0

[Event "Festival Bad Wörishofen"]
[Site "chess24.com"]
[Date "2016.03.01"]
[Round "5.7"]
[White "Pirrot, Dieter"]
[Black "Friedrich, Norbert"]
[Result "0-1"]
[WhiteElo "2380"]
[BlackElo "2209"]
[PlyCount "112"]
[EventDate "2016.??.??"]
[WhiteTeam "Deutschland"]
[BlackTeam "Deutschland"]
[WhiteTeamCountry "GER"]
[BlackTeamCountry "GER"]

1. d4 d5 2. Nf3 Nf6 3. Bg5 Ne4 4. Bf4 c5 5. e3 Nc6 6. Bd3 Bf5 7. O-O e6 8. c4
dxc4 9. Bxc4 Be7 10. Nc3 O-O 11. Bd3 Nxc3 12. bxc3 Bxd3 13. Qxd3 cxd4 14. cxd4
Bd6 15. Ng5 g6 16. Qe4 Kg7 17. Rab1 Bxf4 18. Qxf4 Qe7 19. h4 h5 20. Rfc1 Rac8
21. Qe4 Rc7 22. Rb5 Rd8 23. Rbc5 Rcd7 24. Nh3 Rd5 25. Rxd5 Rxd5 26. Nf4 Ra5 27.
Rc2 Qb4 28. Kh2 Qb1 29. f3 e5 30. d5 exf4 31. dxc6 bxc6 32. Qd4+ Kh7 33. Rxc6
Qb8 34. exf4 Rf5 35. g3 Qb5 36. Rc2 Qf1 37. Qxa7 Qxf3 38. a4 Qd3 39. Qc7 Qb3
40. Qc4 Qf3 41. a5 Kg8 42. a6 Rd5 43. Qc8+ Kg7 44. Qb7 Qd1 45. Qb2+ Kh7 46. a7
Rd8 47. Qa2 Kg7 48. Rf2 Qe1 49. Rg2 Rd1 50. Kh3 Qh1+ 51. Rh2 Qa8 52. Qb2+ Kh7
53. Qb8 Qf3 54. Qb2 Rg1 55. Rg2 Qf1 56. g4 hxg4+ 0-1

[Event "Schachfestival 2016 - Open"]
[Site "Bad Woerishofen"]
[Date "2016.02.29"]
[Round "5.15"]
[White "Pap, Misa"]
[Black "Kraemer, Max"]
[Result "1-0"]
[WhiteElo "2483"]
[BlackElo "1905"]
[Annotator "chessorg"]
[PlyCount "57"]
[EventDate "2016.??.??"]
[WhiteTeam "SC Hansa Dortmund"]
[BlackTeam "SK Caissa Augsburg"]

1. e4 e5 2. Nf3 Nc6 3. Bc4 Nf6 4. d4 exd4 5. e5 d5 6. Bb5 Ne4 7. Nxd4 Bd7 8.
Bxc6 bxc6 9. O-O Bc5 10. f3 Ng5 11. Be3 Bb6 12. f4 Ne4 13. Nd2 Nxd2 14. Qxd2 c5
15. Nf3 d4 16. Bf2 Bc6 17. Bh4 Qd7 18. c4 dxc3 19. Qxc3 O-O 20. Bf2 Qg4 21.
Bxc5 Bb5 22. Rf2 Qxf4 23. Nd4 Qxe5 24. Bxb6 axb6 25. Rf5 Qe4 26. Rxb5 Rxa2 27.
Rxa2 Qb1+ 28. Kf2 Qxa2 29. Nf5 1-0

[Event "Schachfestival 2016 - Open"]
[Site "Bad Woerishofen"]
[Date "2016.02.29"]
[Round "5.35"]
[White "Astengo, Corrado"]
[Black "Distelrath, Oliver"]
[Result "1-0"]
[WhiteElo "2108"]
[BlackElo "1964"]
[Annotator "chessorg"]
[PlyCount "37"]
[EventDate "2016.??.??"]
[WhiteTeam "Mendrisio"]
[BlackTeam "SV Unser Fritz Wanne-Eickel"]

1. d4 Nf6 2. c4 c5 3. d5 b5 4. cxb5 a6 5. e3 g6 6. Nc3 axb5 7. Bxb5 Bg7 8. Nf3
O-O 9. O-O d6 10. e4 Qa5 11. a4 Ba6 12. Ra3 Ng4 13. Bd2 Qc7 14. Bxa6 Nxa6 15.
Nb5 Qb6 16. Bc3 Ne5 17. Nxe5 dxe5 18. Qd2 Rfd8 19. Ba5 1-0

[Event "Schachfestival 2016 - Open"]
[Site "Bad Woerishofen"]
[Date "2016.02.29"]
[Round "5.47"]
[White "Bernardi, Ruben"]
[Black "Hamlack, Heinz"]
[Result "1/2-1/2"]
[WhiteElo "2158"]
[BlackElo "2015"]
[Annotator "chessorg"]
[PlyCount "22"]
[EventDate "2016.??.??"]
[WhiteTeam "SC Groeden"]
[BlackTeam "Post-SV Memmingen e.V."]

1. e4 d6 2. d4 Nf6 3. Nc3 e5 4. f4 exd4 5. Qxd4 Nc6 6. Qd3 Be7 7. Nf3 O-O 8.
Be3 Nb4 9. Qd2 d5 10. exd5 Nfxd5 11. Nxd5 Qxd5 1/2-1/2

[Event "Schachfestival 2016 - Open"]
[Site "Bad Woerishofen"]
[Date "2016.02.29"]
[Round "5.57"]
[White "Riegler, Dieter"]
[Black "Halli, Gerhard"]
[Result "1-0"]
[WhiteElo "2078"]
[BlackElo "1957"]
[Annotator "chessorg"]
[PlyCount "43"]
[EventDate "2016.??.??"]
[WhiteTeam "SF Heidelberg"]
[BlackTeam "SK Sandhausen"]

1. d4 d5 2. c4 e6 3. Nc3 Nf6 4. cxd5 exd5 5. Bg5 Be7 6. e3 Nbd7 7. Bd3 h6 8.
Bh4 O-O 9. Nge2 Re8 10. O-O c6 11. f3 Nf8 12. Qc2 Ne6 13. Rad1 Kh8 14. Kh1 a6
15. Bf2 c5 16. dxc5 Nxc5 17. Bf5 Bxf5 18. Qxf5 Qb6 19. b3 Qe6 20. Nd4 Qc8 21.
Nxd5 Nxd5 22. Qxd5 1-0

[Event "Schachfestival 2016 - Open"]
[Site "Bad Woerishofen"]
[Date "2016.02.29"]
[Round "5.59"]
[White "von Saldern, Ruediger"]
[Black "Schellmann, Frank"]
[Result "0-1"]
[WhiteElo "1920"]
[BlackElo "2043"]
[Annotator "chessorg"]
[PlyCount "44"]
[EventDate "2016.??.??"]
[WhiteTeam "SF-Starnberger See"]
[BlackTeam "SG Einheit Halle"]

1. d4 Nf6 2. Nf3 g6 3. c4 Bg7 4. Nc3 d5 5. Bg5 Ne4 6. Bh4 Nxc3 7. bxc3 dxc4 8.
Qa4+ Qd7 9. Qxc4 b6 10. O-O-O O-O 11. e3 Ba6 12. Qb3 c5 13. Ne5 Qb7 14. Nf3
cxd4 15. cxd4 Nc6 16. Bxa6 Qxa6 17. Kb1 e6 18. Rd2 Na5 19. Qa3 Rfc8 20. Rc1
Qb5+ 21. Ka1 Bf8 22. Rxc8 Rxc8 0-1

[Event "Schachfestival 2016 - Open"]
[Site "Bad Woerishofen"]
[Date "2016.02.29"]
[Round "5.66"]
[White "Mack, Thomas"]
[Black "Klett, Thomas"]
[Result "0-1"]
[WhiteElo "1986"]
[BlackElo "1869"]
[Annotator "chessorg"]
[PlyCount "50"]
[EventDate "2016.??.??"]
[WhiteTeam "Tarrasch Muenchen"]
[BlackTeam "SV Urach"]

1. e4 Nf6 2. Nc3 d5 3. e5 d4 4. Nce2 Ng4 5. f4 h5 6. Nf3 c5 7. Ng3 g6 8. h3 Nh6
9. Ne4 e6 10. Nf6+ Ke7 11. Ng5 Bg7 12. Nge4 Nd7 13. Nxd7 Bxd7 14. Be2 Bc6 15.
Bf3 Kf8 16. O-O d3 17. Nd6 dxc2 18. Qxc2 Bxf3 19. Rxf3 b6 20. d4 cxd4 21. b3
Nf5 22. Ba3 Kg8 23. Rc1 Nxd6 24. Bxd6 Kh7 25. Qc7 Rc8 0-1

[Event "Schachfestival 2016 - Open"]
[Site "Bad Woerishofen"]
[Date "2016.02.29"]
[Round "5.18"]
[White "Boehm, Juergen"]
[Black "Eck, Mathias"]
[Result "1/2-1/2"]
[WhiteElo "2211"]
[BlackElo "2080"]
[Annotator "chessorg"]
[PlyCount "26"]
[EventDate "2016.??.??"]
[WhiteTeam "SF Hannover"]
[BlackTeam "Schachforum Darmstadt"]

1. d4 Nf6 2. c4 e6 3. Nc3 c5 4. d5 exd5 5. cxd5 Bd6 6. g3 O-O 7. Bg2 Re8 8. Nf3
a6 9. a4 Bc7 10. O-O d6 11. Nd2 Nbd7 12. e4 Rb8 13. Qc2 b5 1/2-1/2

[Event "Schachfestival 2016 - Open"]
[Site "Bad Woerishofen"]
[Date "2016.02.29"]
[Round "5.34"]
[White "Fiedler, Wolfgang"]
[Black "Baeuml, Ulrich"]
[Result "1/2-1/2"]
[WhiteElo "2004"]
[BlackElo "2109"]
[Annotator "chessorg"]
[PlyCount "25"]
[EventDate "2016.??.??"]
[WhiteTeam "SK Zirndorf e.V."]
[BlackTeam "SC Dillingen"]

1. f4 g6 2. Nf3 Bg7 3. d4 c5 4. e3 b6 5. c3 Bb7 6. Bc4 Nf6 7. dxc5 O-O 8. cxb6
Qxb6 9. O-O Nc6 10. Qb3 Qc7 11. Be2 Rab8 12. Qd1 Qb6 13. Qb3 1/2-1/2

[Event "Schachfestival 2016 - Open"]
[Site "Bad Woerishofen"]
[Date "2016.02.29"]
[Round "5.39"]
[White "Burkhardt, Wilfried"]
[Black "Stull, Norbert"]
[Result "1/2-1/2"]
[WhiteElo "1931"]
[BlackElo "2064"]
[Annotator "chessorg"]
[PlyCount "70"]
[EventDate "2016.??.??"]
[WhiteTeam "SG Riehen (CH)"]
[BlackTeam "Le Cavalier Differdingen"]

1. d4 Nf6 2. Nf3 g6 3. c3 Bg7 4. h3 b6 5. Bf4 Bb7 6. Nbd2 O-O 7. e3 d6 8. Bc4
Nbd7 9. O-O c5 10. Qe2 Qc7 11. Bh2 Ne4 12. Nxe4 Bxe4 13. Bd3 Bxd3 14. Qxd3 Qb7
15. Rfd1 b5 16. b3 Rfc8 17. Rab1 a5 18. a4 b4 19. c4 e5 20. dxe5 Nxe5 21. Nxe5
dxe5 22. Qd5 Qe7 23. Qd6 Qxd6 24. Rxd6 Kf8 25. Rbd1 Ke8 26. R6d5 f6 27. Kf1 Rd8
28. Ke2 Rxd5 29. Rxd5 Bf8 30. e4 Rd8 31. Rxd8+ Kxd8 32. g4 Bd6 33. h4 g5 34.
Bg3 Ke7 35. h5 Ke6 1/2-1/2

[Event "Schachfestival 2016 - Open"]
[Site "Bad Woerishofen"]
[Date "2016.02.29"]
[Round "5.45"]
[White "Steinbacher, Matthias"]
[Black "Koch, Harald"]
[Result "1-0"]
[WhiteElo "2300"]
[BlackElo "1943"]
[Annotator "chessorg"]
[PlyCount "61"]
[EventDate "2016.??.??"]
[WhiteTeam "ohne"]
[BlackTeam "SK Kissing"]

1. d4 Nc6 2. Nf3 Nf6 3. c4 g6 4. Nc3 d6 5. d5 Nb8 6. Nd4 Bg7 7. f3 O-O 8. e4 e5
9. Nc2 a5 10. Bg5 h6 11. Bh4 Na6 12. Ne3 Nc5 13. g4 Bd7 14. Rg1 Qc8 15. Bf2 Ne8
16. h4 b6 17. Qc2 Kh8 18. O-O-O a4 19. Kb1 Ra5 20. Be1 Ra8 21. Bd2 f5 22. gxf5
gxf5 23. Bh3 fxe4 24. Bxd7 Qxd7 25. fxe4 Nf6 26. Nf5 Rf7 27. Bxh6 Bxh6 28. Nxh6
Rh7 29. Rg6 Ng8 30. Nf5 Nf6 31. Rxf6 1-0

[Event "Schachfestival 2016 - Open"]
[Site "Bad Woerishofen"]
[Date "2016.02.29"]
[Round "5.46"]
[White "Guggenberger, Guido"]
[Black "Ellmaier, Hans-Ludwig"]
[Result "1-0"]
[WhiteElo "2029"]
[BlackElo "1917"]
[Annotator "chessorg"]
[PlyCount "36"]
[EventDate "2016.??.??"]
[WhiteTeam "TV Tegernsee"]
[BlackTeam "ohne"]

1. d4 d5 2. c4 e6 3. g3 c6 4. Bg2 Nf6 5. Nf3 Be7 6. Nbd2 Nbd7 7. O-O Bd6 8. Qc2
h6 9. e4 Nxe4 10. Nxe4 dxe4 11. Qxe4 Nf6 12. Qe2 Qc7 13. Ne5 O-O 14. Bf4 Nd7
15. Rfd1 Bxe5 16. dxe5 g5 17. Be4 f5 18. exf6 gxf4 1-0

[Event "Schachfestival 2016 - Open"]
[Site "Bad Woerishofen"]
[Date "2016.02.29"]
[Round "5.50"]
[White "Schaefer, Michael"]
[Black "Lindenmair, Anton"]
[Result "1/2-1/2"]
[WhiteElo "2150"]
[BlackElo "2002"]
[Annotator "chessorg"]
[PlyCount "25"]
[EventDate "2016.??.??"]
[WhiteTeam "Freibauer Moerlenbach-Birkenau"]
[BlackTeam "SK Keres-Augsburg 1980"]

1. d4 Nf6 2. c4 g6 3. Nc3 Bg7 4. Nf3 O-O 5. Bg5 d6 6. e3 c5 7. Be2 Bf5 8. dxc5
dxc5 9. Qxd8 Rxd8 10. O-O Nc6 11. Rad1 Ne4 12. Nxe4 Bxe4 13. b3 1/2-1/2

[Event "Schachfestival 2016 - Open"]
[Site "Bad Woerishofen"]
[Date "2016.02.29"]
[Round "5.65"]
[White "Calder, Dennis"]
[Black "Eschle, Hubert"]
[Result "1-0"]
[WhiteElo "1987"]
[BlackElo "1905"]
[Annotator "chessorg"]
[PlyCount "35"]
[EventDate "2016.??.??"]
[WhiteTeam "SC Bad Nauheim"]
[BlackTeam "SR Spaichingen"]

1. d4 Nf6 2. Nf3 c5 3. c4 g6 4. g3 Bg7 5. Bg2 O-O 6. O-O cxd4 7. Nxd4 d6 8. Nc3
a6 9. b3 Qc7 10. Bg5 Nbd7 11. Qd2 Re8 12. Rac1 Qa5 13. Rfd1 Ng4 14. Nd5 Qxd2
15. Rxd2 f6 16. Nc7 Rf8 17. Bd5+ Kh8 18. Nxa8 1-0

[Event "Schachfestival 2016 - Open"]
[Site "Bad Woerishofen"]
[Date "2016.02.29"]
[Round "5.67"]
[White "Flemming, Achim"]
[Black "Blaeser, Romain"]
[Result "1/2-1/2"]
[WhiteElo "1983"]
[BlackElo "1887"]
[Annotator "chessorg"]
[PlyCount "34"]
[EventDate "2016.??.??"]
[WhiteTeam "SF Starnberger See e.V."]
[BlackTeam "Differdange"]

1. Nf3 g6 2. d4 Bg7 3. c3 c5 4. Bg5 h6 5. Bh4 cxd4 6. cxd4 Nf6 7. Nc3 Qa5 8.
Qd2 d6 9. e3 a6 10. Bd3 Nbd7 11. a3 g5 12. Bg3 Nh5 13. b4 Qd8 14. Rc1 Nxg3 15.
hxg3 Nf6 16. Ne4 Bd7 17. Qa2 Bc6 1/2-1/2